[Event "Open Portugal 2019"]
[Site "Lisboa POR"]
[Date "2019.02.03"]
[Round "2.21"]
[White "Sousa, Ludy"]
[Black "Srinath, Rao S. V."]
[Result "1-0"]
[WhiteElo "2169"]
[BlackElo "2437"]
[WhiteFideId "1504134"]
[BlackFideId "5028876"]
[WhiteTitle "CM"]
[BlackTitle "FM"]
[WhiteCountry "NOR"]
[BlackCountry "IND"]
[PlyCount "69"]
[EventDate "2019.??.??"]

1. e4 e6 2. d4 d5 3. Nc3 Nf6 4. Bg5 Bb4 5. e5 h6 6. Be3 Ne4 7. Qg4 g6 8. a3
Bxc3+ 9. bxc3 c5 10. Bd3 h5 11. Qf4 Nxc3 12. dxc5 Nd7 13. Nf3 Qa5 14. O-O Nxc5
15. Qf6 Rf8 16. Bh6 Rg8 17. Bd2 Nd7 18. Qf4 Qc7 19. Ng5 Rg7 20. Rfe1 Ne4 21.
Bxe4 dxe4 22. Nxe4 g5 23. Nf6+ Kd8 24. Qd4 Qb6 25. Qd3 Qa6 26. c4 Qc6 27. Rad1
a5 28. Bc3 b6 29. Re4 Ra7 30. Rd4 Ke7 31. Rd6 Qc7 32. a4 h4 33. Bb2 Nc5 34. Ba3
Rg6 35. Rxb6 1-0

[Event "Open Portugal 2019"]
[Site "Lisboa POR"]
[Date "2019.02.03"]
[Round "2.22"]
[White "Korley, Kassa"]
[Black "Reis, Luís Sousa"]
[Result "1-0"]
[WhiteElo "2426"]
[BlackElo "2146"]
[WhiteFideId "2033801"]
[BlackFideId "1900609"]
[WhiteTitle "IM"]
[BlackTitle "NM"]
[WhiteCountry "DEN"]
[BlackCountry "POR"]
[PlyCount "51"]
[EventDate "2019.??.??"]

1. d4 Nc6 2. Nf3 d5 3. Bf4 Bg4 4. e3 e6 5. c4 Bd6 6. Bxd6 Qxd6 7. Nbd2 Nf6 8.
Be2 e5 9. dxe5 Nxe5 10. Nxe5 Bxe2 11. Nxf7 Kxf7 12. Qxe2 d4 13. e4 Rhe8 14. O-O
d3 15. Qe3 Rad8 16. Rae1 Kg8 17. f3 Qb4 18. Rb1 a5 19. a3 Qe7 20. Rfd1 Rd7 21.
Nb3 Red8 22. Nc5 Rd4 23. Nxb7 d2 24. Nxd8 Qxd8 25. b3 Rd3 26. Qf2 1-0

[Event "Open Portugal 2019"]
[Site "Lisboa POR"]
[Date "2019.02.03"]
[Round "2.23"]
[White "Hill, Alistair"]
[Black "Thórhallsson, Thröstur"]
[Result "1/2-1/2"]
[WhiteElo "2152"]
[BlackElo "2425"]
[WhiteFideId "432407"]
[BlackFideId "2300109"]
[BlackTitle "GM"]
[WhiteCountry "ENG"]
[BlackCountry "ISL"]
[PlyCount "105"]
[EventDate "2019.??.??"]

1. Nf3 c5 2. e4 Nc6 3. Bb5 e6 4. O-O Nge7 5. Re1 a6 6. Bf1 d5 7. exd5 Nxd5 8. d4
Be7 9. a3 cxd4 10. Nxd4 Nxd4 11. Qxd4 Bf6 12. Qe4 O-O 13. c4 Ne7 14. Nc3 Qa5 15.
Bd2 Nf5 16. Rad1 Qb6 17. Bd3 Bd7 18. b4 g6 19. Qf3 Bc6 20. Be4 Bxe4 21. Nxe4 Bg7
22. Bc3 e5 23. Nc5 Rfc8 24. Bxe5 Qc6 25. Bxg7 Qxf3 26. gxf3 Kxg7 27. Nxb7 Nh4
28. Re7 Rxc4 29. Rxf7+ Kxf7 30. Nd6+ Ke6 31. Nxc4 Rc8 32. Nb2 Rc2 33. Nd3 Ra2
34. a4 Kf5 35. b5 axb5 36. axb5 Ra3 37. Nc5 Rc3 38. Nd7 Rb3 39. b6 Nxf3+ 40. Kg2
Nh4+ 41. Kf1 Nf3 42. h3 Ng5 43. Rd5+ Ke6 44. Nc5+ Kxd5 45. Nxb3 Kc6 46. Kg2 Kxb6
47. f4 Ne6 48. Kf3 Kc6 49. Ke4 Kd6 50. h4 Ke7 51. f5 Ng7 52. fxg6 hxg6 53. Nd4
1/2-1/2

[Event "Open Portugal 2019"]
[Site "Lisboa POR"]
[Date "2019.02.03"]
[Round "2.24"]
[White "Campora, Daniel"]
[Black "Ferreira, Hugo"]
[Result "1-0"]
[WhiteElo "2419"]
[BlackElo "2136"]
[WhiteFideId "100013"]
[BlackFideId "1915940"]
[WhiteTitle "GM"]
[WhiteCountry "ARG"]
[BlackCountry "POR"]
[PlyCount "93"]
[EventDate "2019.??.??"]

1. e4 d5 2. exd5 Qxd5 3. Nc3 Qd6 4. Nf3 Nf6 5. Bc4 c6 6. O-O Bg4 7. h3 Bh5 8.
Re1 Nbd7 9. g4 Bg6 10. Bf1 h5 11. g5 Nd5 12. d3 h4 13. Ne4 Qc7 14. c4 Nf4 15.
Qd2 Bxe4 16. Rxe4 Ng6 17. d4 O-O-O 18. Qc2 e5 19. dxe5 Ngxe5 20. Nxe5 Nxe5 21.
Bf4 f6 22. c5 Rd5 23. b4 fxg5 24. Bxe5 Rxe5 25. Rae1 Rxe4 26. Qxe4 g6 27. Qe8+
Qd8 28. Qf7 Bh6 29. Be2 Qf8 30. Bg4+ Kb8 31. Qxg6 Bg7 32. Re4 a6 33. Qd6+ Qxd6
34. cxd6 Rd8 35. d7 Kc7 36. Kf1 Bc3 37. Ke2 Kd6 38. Kd3 Be5 39. Kc4 b6 40. Re2
Rf8 41. Kb3 Rd8 42. a4 Kd5 43. Rd2+ Bd4 44. Bf3+ Ke5 45. Bxc6 g4 46. hxg4 h3 47.
f4+ 1-0

[Event "Open Portugal 2019"]
[Site "Lisboa POR"]
[Date "2019.02.03"]
[Round "2.25"]
[White "Pérez García, Roberto"]
[Black "Alshameary Puente, Ismael"]
[Result "0-1"]
[WhiteElo "2141"]
[BlackElo "2418"]
[WhiteFideId "2217708"]
[BlackFideId "2225166"]
[BlackTitle "FM"]
[WhiteCountry "ESP"]
[BlackCountry "ESP"]
[PlyCount "114"]
[EventDate "2019.??.??"]

1. d4 Nf6 2. Nf3 c5 3. d5 b5 4. c4 g6 5. cxb5 a6 6. b6 d6 7. Nc3 Nbd7 8. a4 Qxb6
9. a5 Qb4 10. Ra4 Qb7 11. e4 Bg7 12. Be2 O-O 13. O-O Ne8 14. Nd2 Nc7 15. Nc4 Nb5
16. Bd2 Rb8 17. Re1 Nd4 18. Qc1 Nxe2+ 19. Rxe2 Qb3 20. Qd1 Bd4 21. h3 Rb4 22.
Qxb3 Rxb3 23. Ra2 Ne5 24. Nxe5 Bxe5 25. f4 Bd4+ 26. Kh2 Bd7 27. e5 Rfb8 28. Be1
Bf5 29. exd6 exd6 30. Bh4 f6 31. Ne4 Bxe4 32. Rxe4 g5 33. Bg3 gxf4 34. Bxf4 Be5
35. Bxe5 dxe5 36. Rc4 R8b5 37. Ra1 Rxb2 38. Rf1 Kf7 39. Rh4 Rxa5 40. Rh6 Rb6 41.
Rxh7+ Kg6 42. Rc7 Rd6 43. h4 c4 44. Rxc4 Raxd5 45. Rg4+ Kf7 46. Rg5 a5 47. h5 e4
48. Rxd5 Rxd5 49. g4 e3 50. Kg3 e2 51. Re1 Re5 52. Kf4 a4 53. g5 Rxg5 54. Rxe2
Rxh5 55. Re3 Ra5 56. Ra3 Ke6 57. Ke4 Ra8 0-1

[Event "Open Portugal 2019"]
[Site "Lisboa POR"]
[Date "2019.02.03"]
[Round "2.26"]
[White "Rajesh, V A V."]
[Black "Eggert, Alberto"]
[Result "1-0"]
[WhiteElo "2406"]
[BlackElo "2132"]
[WhiteFideId "5029317"]
[BlackFideId "4139500"]
[WhiteTitle "IM"]
[WhiteCountry "IND"]
[BlackCountry "RUS"]
[PlyCount "65"]
[EventDate "2019.??.??"]

1. d4 Nf6 2. c4 g6 3. Nc3 Bg7 4. e4 O-O 5. Nf3 d6 6. h3 Na6 7. Bd3 c5 8. d5 e5
9. Bg5 h6 10. Be3 Kh7 11. g4 Ng8 12. Qd2 Nb4 13. Bb1 Ne7 14. a3 Na6 15. Bd3 Nc7
16. Ne2 b5 17. cxb5 c4 18. Bxc4 f5 19. gxf5 gxf5 20. exf5 Bxf5 21. Ng3 Ng6 22.
Nxf5 Rxf5 23. Qe2 Qf8 24. Nd2 e4 25. Nxe4 Re8 26. Ng3 Nxd5 27. Nxf5 Qxf5 28. Bd3
Qf6 29. O-O-O Rc8+ 30. Kb1 Nc3+ 31. bxc3 Qxc3 32. Bxg6+ Kh8 33. Bd4 1-0

[Event "Open Portugal 2019"]
[Site "Lisboa POR"]
[Date "2019.02.03"]
[Round "2.27"]
[White "Lisowski, Krzysztof"]
[Black "Haug, Johannes"]
[Result "0-1"]
[WhiteElo "2135"]
[BlackElo "2403"]
[WhiteFideId "1110969"]
[BlackFideId "1509268"]
[BlackTitle "FM"]
[WhiteCountry "POL"]
[BlackCountry "NOR"]
[PlyCount "76"]
[EventDate "2019.??.??"]

1. e4 e5 2. Nf3 Nc6 3. Bc4 Bc5 4. c3 Nf6 5. d4 exd4 6. e5 d5 7. Be2 d3 8. Bxd3
Ng4 9. O-O Ncxe5 10. Nxe5 Nxe5 11. Re1 Qf6 12. Qe2 O-O 13. Qxe5 Qxf2+ 14. Kh1
Bh3 15. Qg3 Bxg2+ 16. Qxg2 Qxe1+ 17. Qf1 Rae8 18. Bd2 Qxf1+ 19. Bxf1 Be3 20. Kg2
f5 21. Bxe3 Rxe3 22. Kf2 f4 23. Na3 g5 24. Nc2 Re5 25. Rd1 Kg7 26. Nd4 g4 27.
Ne2 Kg6 28. Rd4 Kg5 29. c4 h5 30. cxd5 h4 31. d6 cxd6 32. Rxd6 g3+ 33. hxg3
hxg3+ 34. Kg1 g2 35. Bxg2 Rxe2 36. Bxb7 f3 37. Kf1 Rxb2 38. Rd1 Rxb7 0-1

[Event "Open Portugal 2019"]
[Site "Lisboa POR"]
[Date "2019.02.03"]
[Round "2.28"]
[White "Dias, Ricardo"]
[Black "Kaasen, Tor Fredrik"]
[Result "0-1"]
[WhiteElo "2128"]
[BlackElo "2387"]
[WhiteFideId "1930060"]
[BlackFideId "1516647"]
[BlackTitle "IM"]
[WhiteCountry "POR"]
[BlackCountry "NOR"]
[PlyCount "104"]
[EventDate "2019.??.??"]

1. e4 c5 2. Nf3 d6 3. d4 cxd4 4. Nxd4 Nf6 5. Nc3 a6 6. Bc4 e6 7. Bb3 Nbd7 8. f4
Nc5 9. O-O Be7 10. e5 dxe5 11. fxe5 Nfd7 12. Qh5 O-O 13. Nf3 Qc7 14. Re1 b5 15.
Bf4 Bb7 16. Nd2 Rfd8 17. Rad1 Nxb3 18. cxb3 Nc5 19. Re2 Nd3 20. Rf1 b4 21. Nce4
Bxe4 22. Nxe4 Nxf4 23. Rxf4 Rd1+ 24. Kf2 g6 25. Qh6 Rd3 26. g3 a5 27. Nf6+ Bxf6
28. exf6 Qc5+ 29. Kg2 Qf8 30. Qxf8+ Rxf8 31. Rc4 Rd5 32. Rc7 h5 33. h4 Rfd8 34.
Rec2 Rf5 35. Rc8 Rxc8 36. Rxc8+ Kh7 37. Ra8 g5 38. g4 hxg4 39. h5 Rxf6 40. Rxa5
Kh6 41. Rb5 Rf4 42. a4 Rd4 43. a5 Rd2+ 44. Kg1 Kxh5 45. Rxb4 Kh4 46. a6 Kh3 47.
Rb8 Rd1+ 48. Kf2 g3+ 49. Kf3 Rf1+ 50. Ke2 g2 51. a7 Ra1 52. Kf3 g4+ 0-1

[Event "Open Portugal 2019"]
[Site "Lisboa POR"]
[Date "2019.02.03"]
[Round "2.29"]
[White "Carrasco Martínez, Juan M"]
[Black "Bruaset, Eivind"]
[Result "1-0"]
[WhiteElo "2380"]
[BlackElo "2124"]
[WhiteFideId "2207729"]
[BlackFideId "1515276"]
[WhiteTitle "IM"]
[WhiteCountry "ESP"]
[BlackCountry "NOR"]
[PlyCount "97"]
[EventDate "2019.??.??"]

1. e4 e6 2. d4 d5 3. Nd2 Be7 4. Ngf3 Nf6 5. e5 Nfd7 6. Bd3 c5 7. c3 b6 8. O-O
Ba6 9. Bxa6 Nxa6 10. Re1 b5 11. dxc5 Ndxc5 12. Nb3 Qd7 13. Be3 O-O 14. Qe2 Rfc8
15. Rad1 Qb7 16. Nbd4 Rab8 17. a3 Ne4 18. Rc1 Nac5 19. h4 a5 20. h5 h6 21. Bf4
Na4 22. Nh2 Kh8 23. Ng4 Ng5 24. Be3 Rc4 25. b3 Nxc3 26. Qb2 Rxd4 27. Bxd4 b4 28.
Bxc3 bxc3 29. Rxc3 Ne4 30. Rc2 Kh7 31. Re3 Qb6 32. Rf3 Kg8 33. Qc1 Bf8 34. Rc8
Rxc8 35. Qxc8 Qc5 36. Qxc5 Bxc5 37. a4 Kf8 38. Rd3 Ke7 39. Kf1 d4 40. Ke2 Nc3+
41. Kd2 Nd5 42. Rf3 Nb4 43. Rg3 d3 44. Ne3 Bd4 45. f4 Bxe3+ 46. Rxe3 Nd5 47. Re4
f5 48. Rd4 Kd7 49. Rxd5+ 1-0

[Event "Open Portugal 2019"]
[Site "Lisboa POR"]
[Date "2019.02.03"]
[Round "2.30"]
[White "Thompson, Ian D"]
[Black "Low, Zhen Yu Cyrus"]
[Result "1/2-1/2"]
[WhiteElo "2122"]
[BlackElo "2377"]
[WhiteFideId "405205"]
[BlackFideId "5804175"]
[WhiteTitle "FM"]
[BlackTitle "IM"]
[WhiteCountry "ENG"]
[BlackCountry "SGP"]
[PlyCount "139"]
[EventDate "2019.??.??"]

1. Nf3 g6 2. c4 Bg7 3. Nc3 e5 4. d4 exd4 5. Nxd4 Nf6 6. Bg5 h6 7. Bh4 O-O 8. e3
d6 9. Be2 Nbd7 10. O-O Re8 11. Qc2 Ne5 12. Rad1 Bd7 13. Nd5 a6 14. b4 Rb8 15. a3
c6 16. Nxf6+ Bxf6 17. Bxf6 Qxf6 18. Rd2 c5 19. Nb3 cxb4 20. axb4 Rbc8 21. Rfd1
Ng4 22. Bf3 Qh4 23. h3 Ne5 24. Bd5 Bf5 25. Qa2 Rc7 26. Nd4 Be6 27. Bxe6 fxe6 28.
b5 Nxc4 29. Rc2 d5 30. bxa6 bxa6 31. Qxa6 Qf6 32. Nb5 Rf7 33. Qc6 Ref8 34. Nd6
Nxd6 35. Qxd6 Qf5 36. Rcd2 h5 37. Rb2 g5 38. Rb6 Rf6 39. Rb8 Rxb8 40. Qxb8+ Kg7
41. Rd2 Rf7 42. Qb6 Qe5 43. Ra2 Qf5 44. Qd4+ Kg6 45. Rb2 Rf6 46. f3 Rf7 47. Rb8
Qf6 48. Rg8+ Kh6 49. Qxf6+ Rxf6 50. Kf2 Rf5 51. g4 hxg4 52. hxg4 Rf7 53. Kg3 Ra7
54. f4 Ra3 55. Rxg5 Rxe3+ 56. Kh4 d4 57. Rg8 Rf3 58. Re8 Re3 59. Rd8 Re4 60. Kg3
Kg7 61. Kf3 Re3+ 62. Kf2 Rd3 63. Ke2 Re3+ 64. Kf2 Rd3 65. Ke2 Rg3 66. Rxd4 Rxg4
67. Kf3 Rh4 68. Ke4 Kf6 69. Ra4 Rh1 70. Ra5 1/2-1/2

[Event "Open Portugal 2019"]
[Site "Lisboa POR"]
[Date "2019.02.03"]
[Round "2.31"]
[White "Di Nicolantonio, Lucas"]
[Black "Maloberti, David"]
[Result "1-0"]
[WhiteElo "2364"]
[BlackElo "2121"]
[WhiteFideId "680460"]
[BlackFideId "620149"]
[WhiteTitle "FM"]
[WhiteCountry "FRA"]
[BlackCountry "FRA"]
[PlyCount "41"]
[EventDate "2019.??.??"]

1. d4 Nf6 2. Bf4 g6 3. Nc3 d5 4. e3 Bg7 5. h4 c5 6. Nb5 Na6 7. c3 c4 8. b3 cxb3
9. Qxb3 O-O 10. Bd3 Bg4 11. Ne2 Ne8 12. f3 Bc8 13. h5 e6 14. hxg6 hxg6 15. g4
Nac7 16. Nxc7 Nxc7 17. Qc2 Qe7 18. Ng3 e5 19. Qh2 Rd8 20. Qh7+ Kf8 21. Bh6 1-0

[Event "Open Portugal 2019"]
[Site "Lisboa POR"]
[Date "2019.02.03"]
[Round "2.32"]
[White "Terryn, Ezra"]
[Black "Miedema, David"]
[Result "1-0"]
[WhiteElo "2116"]
[BlackElo "2356"]
[WhiteFideId "233196"]
[BlackFideId "1018477"]
[BlackTitle "IM"]
[WhiteCountry "BEL"]
[BlackCountry "NED"]
[PlyCount "79"]
[EventDate "2019.??.??"]

1. e4 c5 2. d4 cxd4 3. c3 dxc3 4. Nxc3 e6 5. Nf3 Nc6 6. Bc4 a6 7. O-O b5 8. Bb3
Nge7 9. Bg5 f6 10. Be3 Bb7 11. Re1 Na5 12. Nd5 exd5 13. Bxd5 Qb8 14. Nd4 Nc4 15.
Nf5 Bxd5 16. exd5 Nxf5 17. Ba7+ Qe5 18. Rxe5+ Nxe5 19. f4 Ng6 20. g4 Rxa7 21.
gxf5 Bc5+ 22. Kh1 Ne7 23. d6 Nc8 24. Rc1 Nxd6 25. Rxc5 Ke7 26. Rc2 Nc8 27. Re2+
Kd8 28. Qd2 a5 29. Qc3 b4 30. Qc5 d6 31. Qb5 Rf8 32. Rc2 Rff7 33. Rxc8+ Kxc8 34.
Qe8+ Kb7 35. Qxf7+ Kb6 36. Qd5 Rd7 37. Kg2 h6 38. Kf3 a4 39. h4 h5 40. Qe6 1-0

[Event "Open Portugal 2019"]
[Site "Lisboa POR"]
[Date "2019.02.03"]
[Round "2.33"]
[White "Rocha, Sérgio"]
[Black "Pires, Emanuel"]
[Result "1-0"]
[WhiteElo "2354"]
[BlackElo "2115"]
[WhiteFideId "1900404"]
[BlackFideId "1914715"]
[WhiteTitle "IM"]
[WhiteCountry "POR"]
[BlackCountry "POR"]
[PlyCount "71"]
[EventDate "2019.??.??"]

1. d4 Nf6 2. Nf3 c5 3. d5 e6 4. c4 exd5 5. cxd5 d6 6. Nc3 g6 7. e4 Bg7 8. h3 O-O
9. Bd3 Re8 10. O-O a6 11. a4 Nbd7 12. Bf4 Qc7 13. Re1 Rb8 14. Qd2 c4 15. Bc2 b5
16. axb5 axb5 17. Nd4 Qc5 18. Nc6 b4 19. Na4 Qb5 20. Bxd6 b3 21. Nc3 Qb6 22. Bd1
Rb7 23. e5 Nh5 24. Bxh5 gxh5 25. Qf4 f6 26. e6 Ne5 27. Bxe5 fxe5 28. Qxc4 Kh8
29. Ne4 Rf8 30. Rac1 Bh6 31. d6 Bxc1 32. Rxc1 Rg7 33. Nxe5 Bb7 34. Nf7+ Rfxf7
35. exf7 Qd8 36. Qe6 1-0

[Event "Open Portugal 2019"]
[Site "Lisboa POR"]
[Date "2019.02.03"]
[Round "2.35"]
[White "Pantzar, Milton"]
[Black "Fröwis, Annika"]
[Result "1-0"]
[WhiteElo "2331"]
[BlackElo "2104"]
[WhiteFideId "1721003"]
[BlackFideId "1621432"]
[WhiteTitle "FM"]
[BlackTitle "WFM"]
[WhiteCountry "SWE"]
[BlackCountry "AUT"]
[PlyCount "69"]
[EventDate "2019.??.??"]

1. e4 e5 2. Nf3 Nc6 3. Bb5 a6 4. Ba4 Nf6 5. O-O b5 6. Bb3 Bc5 7. c3 d6 8. a4 Rb8
9. d4 Bb6 10. a5 Ba7 11. h3 O-O 12. Re1 Bb7 13. Be3 Ra8 14. Nbd2 h6 15. Nf1 Re8
16. Ng3 Qd7 17. Qd2 d5 18. Bxh6 g6 19. exd5 Nxd5 20. Qg5 Re6 21. Bxd5 Qxd5 22.
Ne4 Qd8 23. d5 Qxg5 24. Bxg5 f5 25. Ng3 e4 26. dxc6 Bxc6 27. Nd4 Bxd4 28. cxd4
Bd5 29. Rac1 c6 30. Re3 Kf7 31. Ne2 Rd6 32. Bf4 Rd7 33. h4 Rc8 34. Be5 Bc4 35.
b3 1-0

[Event "Open Portugal 2019"]
[Site "Lisboa POR"]
[Date "2019.02.03"]
[Round "2.38"]
[White "Sousa, Hugo C"]
[Black "Fus, Jakub"]
[Result "0-1"]
[WhiteElo "2097"]
[BlackElo "2326"]
[WhiteFideId "1930842"]
[BlackFideId "1193023"]
[WhiteCountry "POR"]
[BlackCountry "POL"]
[PlyCount "64"]
[EventDate "2019.??.??"]

1. e4 e5 2. Nf3 Nc6 3. Bc4 Bc5 4. c3 Nf6 5. d3 d6 6. Bb3 a6 7. h3 h6 8. Nbd2 Ba7
9. Nf1 Be6 10. Bc2 O-O 11. g4 d5 12. Qe2 dxe4 13. dxe4 b5 14. Bb3 Nd7 15. g5
Bxb3 16. axb3 Nc5 17. gxh6 Nd3+ 18. Kd1 Nxf2+ 19. Kc2 Nxh1 20. Qg2 g6 21. Qxh1
Qd6 22. Ne3 Ne7 23. Qg2 Rad8 24. Qe2 f5 25. exf5 e4 26. Nh4 Qd3+ 27. Qxd3 exd3+
28. Kd2 Bxe3+ 29. Kxe3 g5 30. Nf3 Nxf5+ 31. Kd2 Rd6 32. Nxg5 Ng3 0-1

[Event "Open Portugal 2019"]
[Site "Lisboa POR"]
[Date "2019.02.03"]
[Round "2.39"]
[White "Shailesh, Dravid"]
[Black "Saltvedt, Martin"]
[Result "1-0"]
[WhiteElo "2324"]
[BlackElo "2095"]
[WhiteFideId "25017969"]
[BlackFideId "1518500"]
[WhiteTitle "FM"]
[WhiteCountry "IND"]
[BlackCountry "NOR"]
[PlyCount "59"]
[EventDate "2019.??.??"]

1. e4 c6 2. d4 d5 3. e5 Bf5 4. Nc3 e6 5. g4 Bg6 6. Nge2 Nd7 7. h4 h6 8. Nf4 Bh7
9. Be3 c5 10. dxc5 Nxe5 11. Bb5+ Nc6 12. Qe2 Nge7 13. O-O-O Qa5 14. Rd2 a6 15.
Ba4 Rd8 16. Rhd1 Ng6 17. Nxg6 Bxg6 18. h5 Bh7 19. Rxd5 Be7 20. Rxd8+ Bxd8 21.
Qf3 O-O 22. Bxc6 bxc6 23. Qxc6 Bf6 24. Bd4 Bg5+ 25. Kb1 Rb8 26. Be5 Rd8 27.
Rxd8+ Qxd8 28. Qd6 Qa8 29. c6 a5 30. Qb8+ 1-0

[Event "Open Portugal 2019"]
[Site "Lisboa POR"]
[Date "2019.02.03"]
[Round "2.40"]
[White "Hodovský, Jiri"]
[Black "Godzwon, Iwo"]
[Result "0-1"]
[WhiteElo "2094"]
[BlackElo "2322"]
[WhiteFideId "317250"]
[BlackFideId "21802483"]
[BlackTitle "FM"]
[WhiteCountry "CZE"]
[BlackCountry "POL"]
[PlyCount "46"]
[EventDate "2019.??.??"]

1. Nf3 c5 2. g3 g6 3. Bg2 Bg7 4. O-O Nc6 5. d3 d6 6. Nbd2 e5 7. a4 Nge7 8. e4
O-O 9. Nc4 h6 10. Bd2 Be6 11. Re1 f5 12. b3 Qd7 13. Bc3 Rf7 14. Nfd2 Raf8 15.
exf5 Nxf5 16. Ne4 b6 17. g4 Nh4 18. Nexd6 Rxf2 19. Bxc6 Qxc6 20. Re4 Rg2+ 21.
Kh1 Rff2 22. Ne3 Rxh2+ 23. Kg1 Qxd6 0-1

[Event "Open Portugal 2019"]
[Site "Lisboa POR"]
[Date "2019.02.03"]
[Round "2.41"]
[White "Napoli, Nicolo"]
[Black "Aflalo, Sophie"]
[Result "1-0"]
[WhiteElo "2316"]
[BlackElo "2091"]
[WhiteFideId "813702"]
[BlackFideId "656887"]
[WhiteTitle "FM"]
[WhiteCountry "ITA"]
[BlackCountry "FRA"]
[PlyCount "97"]
[EventDate "2019.02.02"]

1. e4 c5 2. c3 Nf6 3. e5 Nd5 4. d4 cxd4 5. Qxd4 e6 6. Nf3 b6 7. Qe4 Bb7 8. Nbd2
Qc7 9. Qa4 Nc6 10. Qc4 f5 11. exf6 Nxf6 12. Qh4 d5 13. Bd3 O-O-O 14. O-O Bd6 15.
Nd4 g5 16. Qh6 Nxd4 17. cxd4 Rdf8 18. Nf3 Kb8 19. Bxg5 Ng4 20. Qh5 Rxf3 21. gxf3
Nxh2 22. Rfe1 Rg8 23. Kh1 Nxf3 24. Qxf3 Rxg5 25. Rg1 h6 26. Rxg5 hxg5 27. Qf6
Bf4 28. Qh8+ Qc8 29. Qxc8+ Kxc8 30. Kg2 e5 31. Rh1 e4 32. Rh8+ Kc7 33. Rh7+ Kc6
34. Bc2 a6 35. a4 Bc8 36. Rh6+ Kc7 37. Bb3 Bb7 38. Rf6 Bc1 39. Rf7+ Kc8 40. Rf5
g4 41. Bxd5 Bxd5 42. Rxd5 Bxb2 43. Kg3 b5 44. axb5 a5 45. Rd6 a4 46. Ra6 a3 47.
d5 Kc7 48. Kxg4 Bd4 49. Kf5 1-0

[Event "Open Portugal 2019"]
[Site "Lisboa POR"]
[Date "2019.02.03"]
[Round "2.42"]
[White "Barbier, Wim"]
[Black "Bartel, Michal"]
[Result "1/2-1/2"]
[WhiteElo "2086"]
[BlackElo "2306"]
[WhiteFideId "202100"]
[BlackFideId "1119257"]
[BlackTitle "FM"]
[WhiteCountry "BEL"]
[BlackCountry "POL"]
[PlyCount "102"]
[EventDate "2019.02.02"]

1. Nf3 d5 2. c4 d4 3. e3 c5 4. exd4 cxd4 5. d3 Nc6 6. g3 e5 7. Bg2 Bd6 8. O-O f6
9. Nh4 Nge7 10. f4 exf4 11. Bxf4 Bxf4 12. Rxf4 O-O 13. Rf2 Ne5 14. h3 Rb8 15.
Na3 Bd7 16. Nc2 Bc6 17. Qf1 b5 18. Bxc6 N7xc6 19. cxb5 Rxb5 20. Na3 Rc5 21. Rc2
Rxc2 22. Nxc2 Qd5 23. Ne1 Re8 24. Nhg2 Ne7 25. Qf2 Rb8 26. b3 Rc8 27. Nf4 Qd7
28. g4 N7c6 29. Rc1 Re8 30. Qg2 a5 31. Kf1 Qd6 32. Qd5+ Qxd5 33. Nxd5 Kf7 34.
Rc5 h5 35. gxh5 f5 36. Kf2 Re6 37. Nf4 Rd6 38. Nf3 Kf6 39. Nxe5 Nxe5 40. h4 Nc6
41. Nd5+ Ke6 42. Nc7+ Kd7 43. Nb5 Rf6 44. Rc4 f4 45. Rc5 Nb4 46. Rc7+ Kd8 47.
Rc4 Nxd3+ 48. Kf1 Ne5 49. Rxd4+ Kc8 50. Nd6+ Kb8 51. Nc4 Ng4 1/2-1/2

[Event "Open Portugal 2019"]
[Site "Lisboa POR"]
[Date "2019.02.03"]
[Round "2.43"]
[White "Chylewski, Patryk"]
[Black "Leão, Tiago"]
[Result "1/2-1/2"]
[WhiteElo "2304"]
[BlackElo "2084"]
[WhiteFideId "1186191"]
[BlackFideId "1925563"]
[WhiteTitle "FM"]
[WhiteCountry "POL"]
[BlackCountry "POR"]
[PlyCount "79"]
[EventDate "2019.02.02"]

1. d4 Nf6 2. c4 e6 3. Nf3 d5 4. Nc3 Be7 5. Bg5 O-O 6. e3 Nbd7 7. Qc2 b6 8. cxd5
exd5 9. Bd3 Bb7 10. O-O-O Rc8 11. Ne5 h6 12. Bxf6 Bxf6 13. Nxd7 Qxd7 14. Bh7+
Kh8 15. Bf5 Qe7 16. Bxc8 Rxc8 17. Kb1 c5 18. Rhe1 a6 19. Qb3 b5 20. dxc5 Rxc5
21. Rc1 Rc4 22. Ka1 Qc7 23. g3 Qd7 24. Qd1 Qh3 25. Qd3 Qxh2 26. Qf5 Bc8 27. Qxd5
Qxf2 28. Rf1 Rxc3 29. bxc3 Bxc3+ 30. Rxc3 Qxf1+ 31. Kb2 Be6 32. Qd8+ Kh7 33.
Qd3+ Qxd3 34. Rxd3 Kg6 35. a3 Kf5 36. Rd4 h5 37. Kc3 a5 38. Rh4 g6 39. Rf4+ Ke5
40. Rd4 1/2-1/2

[Event "Open Portugal 2019"]
[Site "Lisboa POR"]
[Date "2019.02.03"]
[Round "2.44"]
[White "Huse, Sigurd"]
[Black "Ilic, Zoran"]
[Result "0-1"]
[WhiteElo "2080"]
[BlackElo "2302"]
[WhiteFideId "1520717"]
[BlackFideId "901733"]
[BlackTitle "IM"]
[WhiteCountry "NOR"]
[BlackCountry "SRB"]
[PlyCount "92"]
[EventDate "2019.02.02"]

1. e4 c5 2. Nf3 e6 3. d4 cxd4 4. Nxd4 Nc6 5. Nc3 Qc7 6. f4 a6 7. Nxc6 Qxc6 8.
Bd3 b5 9. Bd2 b4 10. Ne2 Nf6 11. Ng3 h5 12. h4 d5 13. e5 Ne4 14. Bxe4 dxe4 15.
Be3 g6 16. Qd2 Bb7 17. Ne2 Be7 18. Nd4 Qd5 19. O-O O-O 20. Qf2 Rad8 21. Rfd1 Qc4
22. Nb3 Rxd1+ 23. Rxd1 Bd5 24. Rd2 Rc8 25. g3 a5 26. Nxa5 Qxa2 27. Nb3 Bxb3 28.
cxb3 Qxb3 29. Kh2 Rd8 30. Rxd8+ Bxd8 31. Bc5 Ba5 32. Qd4 Qd5 33. b3 Kg7 34. Kg1
Qxb3 35. Qd6 Qxg3+ 36. Kh1 Qxh4+ 37. Kg2 Qg4+ 38. Kh1 Qf3+ 39. Kg1 Qxf4 40. Qf8+
Kh7 41. Be7 Bb6+ 42. Kg2 Qf2+ 43. Kh3 Qf5+ 44. Kg2 Qf2+ 45. Kh3 Qf1+ 46. Kh2
Bg1+ 0-1

[Event "Open Portugal 2019"]
[Site "Lisboa POR"]
[Date "2019.02.03"]
[Round "2.45"]
[White "Kowalski, Igor"]
[Black "Fernandes, Miguel"]
[Result "1-0"]
[WhiteElo "2296"]
[BlackElo "2066"]
[WhiteFideId "1172468"]
[BlackFideId "1920456"]
[WhiteTitle "FM"]
[WhiteCountry "POL"]
[BlackCountry "POR"]
[PlyCount "113"]
[EventDate "2019.02.02"]
[Annotator "inc- "]

1. c4 e5 2. Nc3 Nc6 3. g3 Bc5 4. Bg2 d6 5. e3 a6 6. Nge2 Ba7 7. Rb1 Bf5 8. d3
Qd7 9. Nd5 Nge7 10. Nec3 O-O 11. O-O Nxd5 12. Nxd5 Rab8 13. b4 Ne7 14. Nc3 b5
15. Rb3 Be6 16. Nd5 c6 17. Nxe7+ Qxe7 18. Qc2 Rfc8 19. Bd2 f5 20. Ra3 e4 21. Re1
exd3 22. Qxd3 bxc4 23. Qc2 c5 24. bxc5 Bxc5 25. Rxa6 Bb4 26. Bxb4 Rxb4 27. Rd1
c3 28. Ra8 Rxa8 29. Bxa8 Qc7 30. Rc1 g6 31. Qd3 Rc4 32. Rc2 Rc5 33. Bf3 Bxa2 34.
Rxa2 c2 35. Rxc2 Rxc2 36. Qd4 Rc5 37. Bd5+ Rxd5 38. Qxd5+ Kg7 39. h4 h5 40. Kg2
Qe7 41. Qd4+ Kh7 42. Kf3 Qb7+ 43. Kf4 Qg2 44. f3 Qa2 45. Qxd6 Qc4+ 46. Kg5 Qf7
47. Qf6 Qe8 48. e4 fxe4 49. fxe4 Qb5+ 50. e5 Qe8 51. Qd6 Qf7 52. Qf6 Qe8 53. g4
hxg4 54. Kxg4 Qd7+ 55. e6 Qd1+ 56. Qf3 Qd4+ 57. Kh3 1-0

[Event "Open Portugal 2019"]
[Site "Lisboa POR"]
[Date "2019.02.03"]
[Round "2.46"]
[White "Fernández Montero, Francisco M."]
[Black "Storme, Isak"]
[Result "0-1"]
[WhiteElo "2070"]
[BlackElo "2290"]
[WhiteFideId "2230666"]
[BlackFideId "1728113"]
[BlackTitle "FM"]
[WhiteCountry "ESP"]
[BlackCountry "SWE"]
[PlyCount "56"]
[EventDate "2019.02.02"]

1. e4 c5 2. c3 b6 3. d4 Bb7 4. Bd3 Nf6 5. Nd2 cxd4 6. cxd4 Nc6 7. Ngf3 Nb4 8.
Qe2 Qc8 9. Ne5 g6 10. O-O Bg7 11. Re1 O-O 12. Nf1 Nxd3 13. Qxd3 Ba6 14. Qa3 d6
15. Nf3 Qb7 16. d5 Rac8 17. Bd2 Rc4 18. Ng3 Rfc8 19. Rac1 Rxc1 20. Rxc1 Rxc1+
21. Bxc1 Qc8 22. Bd2 Qc4 23. b3 Qd3 24. Qa4 Bh6 25. Be1 Bf4 26. h3 Bxg3 27. fxg3
Qf1+ 28. Kh2 Be2 0-1